Information systems development and data modeling: (Record no. 5209)

MARC details
000 -LEADER
fixed length control field 00763nam a22002417a 4500
003 - CONTROL NUMBER IDENTIFIER
control field OSt
005 - DATE AND TIME OF LATEST TRANSACTION
control field 20220107122815.0
008 - FIXED-LENGTH DATA ELEMENTS--GENERAL INFORMATION
fixed length control field 160523b xxu||||| |||| 00| 0 eng d
020 ## - INTERNATIONAL STANDARD BOOK NUMBER
International Standard Book Number 9780521063357
040 ## - CATALOGING SOURCE
Transcribing agency IIITMK
082 ## - DEWEY DECIMAL CLASSIFICATION NUMBER
Classification number 004.21 HIR/I
100 ## - MAIN ENTRY--PERSONAL NAME
Personal name Hirschheim, Rudy
9 (RLIN) 9705
245 ## - TITLE STATEMENT
Title Information systems development and data modeling:
Remainder of title Conceptual and philosophical foundations
Statement of responsibility, etc. Rudy Hirschheim
260 ## - PUBLICATION, DISTRIBUTION, ETC.
Place of publication, distribution, etc. Cambridge,
Name of publisher, distributor, etc. Cambridge University Press,
Date of publication, distribution, etc. 1995.
300 ## - PHYSICAL DESCRIPTION
Extent xiv, 289p.
650 ## - SUBJECT ADDED ENTRY--TOPICAL TERM
Topical term or geographic name entry element COMPUTER SCIENCE
9 (RLIN) 9706
650 ## - SUBJECT ADDED ENTRY--TOPICAL TERM
Topical term or geographic name entry element INFORMATION SYSTEMS
9 (RLIN) 9707
650 ## - SUBJECT ADDED ENTRY--TOPICAL TERM
Topical term or geographic name entry element INFORMATION SYSTEMS DEVELOPMENT
9 (RLIN) 10575
650 ## - SUBJECT ADDED ENTRY--TOPICAL TERM
Topical term or geographic name entry element DATA MODELLING
9 (RLIN) 9708
700 ## - ADDED ENTRY--PERSONAL NAME
Personal name Klein, Heinz K.
9 (RLIN) 9709
700 ## - ADDED ENTRY--PERSONAL NAME
Personal name Lyytinen, Kalle
9 (RLIN) 9710
942 ## - ADDED ENTRY ELEMENTS (KOHA)
Source of classification or shelving scheme Dewey Decimal Classification
Koha item type Books
Holdings
Withdrawn status Lost status Source of classification or shelving scheme Damaged status Not for loan Collection code Home library Current library Shelving location Date acquired Cost, normal purchase price Total Checkouts Full call number Barcode Date last seen Price effective from Koha item type
    Dewey Decimal Classification       Kerala University of Digital Sciences, Innovation and Technology Knowledge Centre Kerala University of Digital Sciences, Innovation and Technology Knowledge Centre   23/05/2016 3026.00   004.21 HIR/I 4524 03/12/2020 23/05/2016 Archives